Majstrom sveta Talian a Husqvarna priamo z Estónska od nášho spolupracovníka Mgr. Jana Korbelářa

Bibliographic Details
Main Author: Korbelář, Jan (Author)
Format: Article
Language:Slovak
PhysicalDescription:Fotogr.
ISSN:1336-9237
Subjects:

MARC

LEADER 00000nab a2200000 a 4500
001 vtls008940108
003 SK-MaSNL
005 20260304172852.0
008 250526c2006 xo |||||||||||000 b|slo
015 |a SNBRB2007/01  |2 snkbucl 
035 |a (uuid)afba7f27-609d-43a3-b594-47533a8a207b 
035 |a urn:nbn:sk:snk-abz8v 
035 |a (urnnbn)urn:nbn:sk:snk:ar-005bn0 
038 |a SNKBUCL 
040 |a SNKBUCL  |b slo  |c SNKBUCL  |e AACR2 
041 0 |a slo 
044 |a xo  |c SK 
080 |a 630*32:06.063  |x (100)  |2 1997 
100 1 |a Korbelář, Jan  |4 aut  |9 1502728 
245 1 0 |a Majstrom sveta Talian a Husqvarna  |b priamo z Estónska od nášho spolupracovníka Mgr. Jana Korbelářa 
300 |b Fotogr. 
611 2 7 |a Majstrovstvá sveta lesných robotníkov v práci s motorovou pílou  |n (27. :  |d 2006 :  |c Otepeää, Estónsko)  |2 snkbucl  |9 1502729 
650 0 7 |a lesní robotníci  |2 snkbucl  |9 270953 
650 0 7 |a práca s motorovou pílou  |2 snkbucl  |9 1502730 
773 0 |t Les & Slovenské lesokruhy  |g Roč. 62/5, č. september - október (2006), s. 40  |x 1336-9237 
850 |a Slovenská národná knižnica 
852 |a Slovenská národná knižnica 
954 |a odborná, vedecká literatúra pôvodná (slovenská)  |2 lita 
958 |a ONDV 
958 |a article2022 
958 |a EE 
999 |c 3000445  |d 3002375